Erosión y conservación del suelo

Shranjeno v:
Bibliografske podrobnosti
Glavni avtor: Morgan, Royston Philip Charles (autor)
Format: Knjiga
Jezik:španščina
Izdano: Madrid Mundi-Prensa 1996
Teme:
Oznake: Označite
Brez oznak, prvi označite!

MARC

LEADER 00000nam a2200000 a 4500
001 UCL6575
003 CL-VaPUC
008 040416e19960000SP |||||||||||||||||spa|d
020 |a 8471146797 
082 0 4 |a 551.302  |b MOR  |2 21 
100 |a Morgan, Royston Philip Charles  |e autor  |9 484933 
245 1 0 |a Erosión y conservación del suelo 
300 |a 343 p 
942 |c BK 
945 |d 20040416 00:00:00  |a cmena 
260 |a Madrid  |b Mundi-Prensa  |c 1996 
650 0 |a Erosión del suelo  |9 361524 
650 0 |a Conservación del suelo  |9 363984 
650 0 |a Protección del medio ambiente  |9 257626 
583 |a last modification  |c 20040416 00:00:00  |k Rodrigo Vera 
999 |c 308577  |d 308575 
952 |0 0  |1 0  |4 0  |6 551_302000000000000_MOR_1996  |7 0  |8 A  |9 375191  |a BIBAGR  |b BIBAGR  |d 2019-11-21  |i 4002881  |o 551.302 MOR 1996  |p 4002881  |r 2025-01-20  |w 2019-11-21  |y BK  |k AGR 
952 |0 0  |1 0  |4 0  |6 551_302000000000000_MOR_1996  |7 0  |8 A  |9 375192  |a BIBING  |b BIBING  |d 2019-11-21  |i 4007166  |o 551.302 MOR 1996  |p 4007166  |r 2025-01-20  |w 2019-11-21  |y BK  |k GEO 
952 |0 0  |1 0  |4 0  |6 551_302000000000000_MOR_1996  |7 0  |8 A  |9 375193  |a BIBAGR  |b BIBAGR  |d 2019-11-21  |i 4013972  |o 551.302 MOR 1996  |p 4013972  |r 2025-01-20  |w 2019-11-21  |y BK  |k AGR